00326nam a2200133 a 45000010010000000030011000100080041000210350026000620820013000881000012001012450027001132600035001406500017001750000-8650ELIB.Books110520 1995  a(ELIB.Books)0000-8796 a30 bAlm aAlmanac aThe World Almanac 1992 bNew York: World Almanac c1995 aWorld Almanc